Culture Générale - Série 2680 - Statistiques

Statistiques générales
  • Ce quiz a été pris 127 fois
  • Le résultat moyen est 7 sur 10
Statistiques - réponses
Question Réponse % Correct
Quelle planète possède autour de son globe des anneaux ? Saturne
90%
Quel nom de poisson est utilisé dans l'expression : "Muet comme une .... carpe
88%
Quel est l'animal terrestre le plus rapide au monde, avec des pointes à 120 km/h ? guépard
86%
Quel animal est un "mamba" ? serpent
78%
Quelle est la planète la plus éloignée du soleil ? Neptune
74%
De quel pays le baht est-il l'unité monétaire ? Thaïlande
69%
De quel pays est originaire le groupe de pop rock Tokio Hotel, créé en 2001 ? Allemagne
64%
Quelle ville allemande abrite la Banque centrale européenne (BCE) ? Francfort
57%
Quel pays actuel portait le nom de Ceylan jusqu’en 1972 ? Sri Lanka
56%
Quel pays a pour capitale Tegucigalpa ? Honduras
52%
Aucun quiz correspondant
Distribution des résultats
% des personnes avec chaque résultat
Percentile par nombre de réponses
Votre historique - résultats
Vous n’avez pas pris ce quiz